Contemporary critique of historical materialism (Record no. 223196)

MARC details
000 -LEADER
fixed length control field 00352nam a2200145Ia 4500
008 - FIXED-LENGTH DATA ELEMENTS--GENERAL INFORMATION
fixed length control field 230917s9999||||xx |||||||||||||| ||und||
020 ## - ISBN
Price PON12.95
040 ## - CATALOGING SOURCE
-- 23536
Original cataloging agency VIVEKANANDA LIBRARY
041 ## - Language
-- English
082 ## - DDC NUMBER
Classification number 301.04 G36C
100 ## - MAIN ENTRY--PERSONAL NAME
Personal name Giddens, Anthony
245 #0 - TITLE STATEMENT
Title Contemporary critique of historical materialism
260 ## - PUBLICATION, DISTRIBUTION, ETC. (IMPRINT)
Date of publication, distribution, etc 1981
942 ## - ADDED ENTRY ELEMENTS (KOHA)
Koha item type Books
Holdings
Withdrawn status Lost status Damaged status Not for loan Location (home branch) Sublocation or collection (holding branch) Date acquired Koha issues (times borrowed) Koha full call number Accession No. Koha date last seen Koha item type
        VIVEKANANDA LIBRARY VIVEKANANDA LIBRARY 08/08/2002   301.04 G36C 89582 17/09/2023 Books
© Designed and Maintained by Vivekananda Library, MDU Rohtak